Heat and Mass Transfer (Record no. 179464)

MARC details
000 -LEADER
fixed length control field 00491nam a2200205Ia 4500
008 - FIXED-LENGTH DATA ELEMENTS--GENERAL INFORMATION
fixed length control field 240823s9999||||xx |||||||||||||| ||und||
020 ## - INTERNATIONAL STANDARD BOOK NUMBER
International Standard Book Number 978 81 8371 109 8
082 ## - DEWEY DECIMAL CLASSIFICATION NUMBER
-- 621.4022 P8
100 ## - MAIN ENTRY--PERSONAL NAME
Personal name Kamaraj G
245 #0 - TITLE STATEMENT
Title Heat and Mass Transfer
250 ## - EDITION STATEMENT
Edition statement 1st
260 ## - PUBLICATION, DISTRIBUTION, ETC. (IMPRINT)
Date of publication, distribution, etc 2008
Name of publisher, distributor, etc Scitech Ch
Place of publication, distribution, etc Chennai
500 ## - GENERAL NOTE
General note TRANSFERED
650 ## - SUBJECT ADDED ENTRY--TOPICAL TERM
Topical term or geographic name as entry element Heat Transfer
700 ## - ADDED ENTRY--PERSONAL NAME
Personal name Raveendiran P
942 ## - ADDED ENTRY ELEMENTS (KOHA)
Item type Books
Holdings
Withdrawn status Lost status Damaged status Permanent location Current location Shelving location Date acquired Source of acquisition Cost, normal purchase price Full call number Barcode Date last seen Koha item type
      CENTRAL LIBRARY, NOORUL ISLAM CENTRE FOR HIGHER EDUCATION CENTRAL LIBRARY, NOORUL ISLAM CENTRE FOR HIGHER EDUCATION   03/08/2008 Higginbothams Private Ltd 300.00 621.4022 P8 32784 08/23/2024 Books
Visitors:
Copyright © 2024 Central Library NICHE.  All rights reserved.